|
ห้องสมุด วิทยาลัยพยาบาลบรมราชชนนี อุดรธานี
Boromarajonani College of Nursing, Udonthani
|


|
mysqli: Table './ulib2015/stat_globaluid' is marked as crashed and last (automatic?) repair failed
select id from stat_globaluid where statuid='20260418195942_2825'
mysqli: Table './ulib2015/stat_globaluid' is marked as crashed and last (automatic?) repair failed
DELETE FROM stat_globaluid
WHERE id NOT IN (
SELECT id
FROM (
SELECT id
FROM stat_globaluid
ORDER BY id DESC
LIMIT 100
) foo
);
mysqli: Table './ulib2015/stat_globaluid' is marked as crashed and last (automatic?) repair failed
insert into stat_globaluid set
statuid='20260418195942_2825',
dt='1776517182',
phpself='/ULIB/dublinfull.php',
agent='Mozilla/5.0 AppleWebKit/537.36 (KHTML, like Gecko; compatible; ClaudeBot/1.0; +claudebot@anthropic.com)',
yea='2026',
mon='4',
dat='18',
ip='216.73.216.142'
| LEADER 00674nam 2200229 a 4500 |
| 001 11317 |
| 003 ULIBM |
| 008 290611s2526 th m a001 0 tha d |
| 020 ^a974-7057-33-6
|
| 050 4 ^aWY101^bก581ค 2526
|
| 245 10 ^aคู่มือภาคปฏิบัติการช่วยชีวิตขั้นมูลฐาน/^cกัมพล ประจวบเหมาะ
|
| 250 ^aพิมพ์ครั้งที่ 1.
|
| 260 ^aกรุงเทพฯ:^bยูนิตี้พับลิเคชั่น,^c2526
|
| 300 ^a 56 หน้า.
|
| 650 7 ^aการช่วยชีวิตขั้นมูลฐาน--คู่มือ
|
| 945 ^p0^l0^i956
|
| 945 ^p0^l0^i5551
|
| 945 ^p0^l0^i6002 |
| 999 ^aลิขิตลักษณ์
|
| คุณยังไม่ได้ล็อกอิน คุณสามารถมีกิจกรรมร่วมกับเว็บไซต์ได้ แต่ต้องล็อกอินก่อน :: |
|
| ลำดับที่ |
ประเภท |
เลขเรียก/บาร์โค้ด |
สถานที่ |
สถานะ |
| 1. |
 หนังสือการพยาบาล | WY101 ก581ค 2526 Barcode: 956 | หนังสือทั่วไป | On Shelf |
| 2. |
 หนังสือการพยาบาล | WY101 ก581ค 2526 ฉ.2 Barcode: 5551 | หนังสือทั่วไป | On Shelf |
| 3. |
 หนังสือการพยาบาล | WY101 ก581ค 2526 ฉ.3 Barcode: 6002 | หนังสือทั่วไป | On Shelf |
| [แสดง 3/3 รายการ] |
mysqli: Can't create/write to file '/var/tmp/#sql_59d_0.MAI' (Errcode: 2)
select * from index_db where titl like '%คู่มือภาคปฏิบัติการช่วยชีวิตขั้นมูลฐาน/ กัมพล ประจวบเหมาะ%' and mid<>'11317' order by rand() limit 3
mysqli: Can't create/write to file '/var/tmp/#sql_59d_0.MAI' (Errcode: 2)
select * from index_db where subj like '%การช่วยชีวิตขั้นมูลฐาน--คู่มือ%' and mid<>'11317' order by rand() limit 3
|
ยังไม่เคยถูกคอมเมนท์
|
| คอมเมนท์ทรัพยากรรายการนี้ |
|